Normal view
MARC view
- Architecture, Domestic
Entry Topical Term
001 - CONTROL NUMBER
- control field: 45373
003 - CONTROL NUMBER IDENTIFIER
- control field: NUST
005 - DATE AND TIME OF LATEST TRANSACTION
- control field: 20210314133228.0
008 - FIXED-LENGTH DATA ELEMENTS
- fixed length control field: 210314|| aca||aabn | a|a d
040 ## - CATALOGING SOURCE
- Original cataloging agency: NUST
- Transcribing agency: NUST
150 ## - HEADING--TOPICAL TERM
- Topical term or geographic name entry element: Architecture, Domestic
- General subdivision: Designs and plans
670 ## - SOURCE DATA FOUND
- Source citation: Work cat.: (NUST): Dalzell, J. Ralph 45372, Plan reading for home builders,, [c1972]
